LDR 02621namaa2200421 i 4500 001 000000178696 003 CaOOAMICUS 005 20260506094028.0 007 tu 008 260505s2026 it 000 u ita r 020 $a978-88-08-82078-5* 040 $aPUL$bita$erda 082 0 $a346.4506 245 10$aDeposito, iscrizione e pubblicazione delle modificazioni, diritto di recesso, termini e modalità di esercizio, criteri di determinazione del valore delle azioni, procedimento di liquidazione, disposizioni speciali per le società con azioni quotate in in mercati regolamentati, azioni riscattabili :$bArt. 2436-2437-sexies /$ca cura di Cristiano Cincotti ; con i contributi di Paolo Butturini...[et al.]. 264 4$c©2026. 264 1$aBologna :$bZanichelli,$c2026. 300 $aXXII, 441 pagine$c24 cm 336 $atesto$btxt$2rdacontent 337 $asenza mediazione$bn$2rdamedia 338 $avolume$bnc$2rdacarrier 490 1 $aCommentario del codice civile e codici collegati Scialoja-Branca-Galgano$aLibro quinto$aDel lavoro ;$vArt. 2436-2437-sexies 500 $aTitolo sul dorso 504 $aContiene riferimenti bibliografici e indice. 650 4$aCodice civile.$0(OLS)http://pul/subject/2361 650 4$aDiritto delle società.$0(OLS)http://pul/subject/47152 700 1 $aCincotti, Cristiano,$d1975-,$ecuratore.$0(OLS)http://pul/name/114985 700 1 $aButturini, Paolo,$d1977-,$econtributore.$0(OLS)http://pul/name/114981 700 1 $aAgostinelli, Benedetta,$d1975-,$ecollaboratore.$0(OLS)http://pul/name/82758 830 0$aCommentario del codice civile e codici collegati Scialoja-Branca-Galgano.$nLibro quinto.$pDel lavoro ;$vArt. 2436-2437-sexies.$0(OLS)http://pul/title/171282 850 $aPUL 852 $aPUL$W1$xSL Diritto e Scienze Sociali 3$y79$m346. 45 COLL 7.2436$j202479$qDDC 21$B207889$CPULBib$Z2$F207889 $H138575 $82 941 1 $a9 996 $6020$a978-88-08-82078-5*$9(OLS)http://pul/number/170955 996 $6082$a346.4506$9(OLS)http://pul/classification/679 996 $6245$aDeposito, iscrizione e pubblicazione delle modificazioni, diritto di recesso, termini e modalità di esercizio, criteri di determinazione del valore delle azioni, procedimento di liquidazione, disposizioni speciali per le società con azioni quotate in in mercati regolamentati, azioni riscattabili :$bArt. 2436-2437-sexies$9(OLS)http://pul/title/220272 996 $6264$aBologna :$bZanichelli$9(OLS)http://pul/publisher/48255 996 $6264$a[S.l.] :$b[s.n.]$9(OLS)http://pul/publisher/0